000 00409nam a2200181Ia 4500
001 3293
005 20260306145633.0
008 260306t2007||||xx |||||||||||||| ||spa||
041 _aESP
082 _a267.1
_bF369
100 _aFox, Julian
_eAUT
245 0 _aLas virtudes digitales
260 _c2007
300 _a130 páginas :
_c22 cm.
650 _aGEN
654 _aCHU
942 _cLIB
_dJUS
_fJUS
_2ddc
_n
999 _c3293
_d3293